Operative Production Controlling as Entrance into Controlling 4.0

Potenciály a výhody, ktoré controlling poskytuje spoločnostiam v prechodnom období smerom k priemyslu 4.0. Operatívne riadenie výroby poskytuje údaje, ktoré budú v budúcnosti použité na aplikáciu konceptu inteligentných tovární. Návrh riadiacej architektúry založenej na počítačom podporovanej štanda...

Ausführliche Beschreibung

Gespeichert in:
Bibliographische Detailangaben
1. Verfasser: Pfeifer, Marcel Rolf
Format: Buchkapitel
Sprache:Englisch
Schlagworte:
Tags: Tag hinzufügen
Keine Tags, Fügen Sie das erste Tag hinzu!

MARC

LEADER 00000naa a2200000 4500
001 0277824
005 20210813085138.7
041 0 |a eng 
044 |a CZ 
245 1 0 |a Operative Production Controlling as Entrance into Controlling 4.0  |c Marcel Rolf Pfeifer 
520 |a Potenciály a výhody, ktoré controlling poskytuje spoločnostiam v prechodnom období smerom k priemyslu 4.0. Operatívne riadenie výroby poskytuje údaje, ktoré budú v budúcnosti použité na aplikáciu konceptu inteligentných tovární. Návrh riadiacej architektúry založenej na počítačom podporovanej štandardizácii. 
610 2 0 |a priemysel 4.0 
610 2 0 |a kontrola 
610 2 0 |a kontroling 
610 2 0 |a štandardizácia výroby 
610 2 0 |a továrne 
100 1 |a Pfeifer, Marcel Rolf